[Event "TUR-ch U13/18"]
[Site "Antalya"]
[Date "2023.01.24"]
[Round "4"]
[White "Aydogdu, Ali Emre"]
[Black "Turk, Talha Gunes"]
[Result "0-1"]
[WhiteElo "1375"]
[BlackElo "1657"]
[PlyCount "60"]
[EventDate "2023.01.17"]
[EventType "swiss"]
[EventRounds "10"]
[EventCountry "TUR"]
[SourceTitle "EXT 2024"]
[Source "ChessBase"]
[SourceDate "2023.10.10"]
[SourceVersion "1"]
[SourceVersionDate "2023.10.10"]
[SourceQuality "1"]

1. Nf3 g6 2. g3 Bg7 3. Bg2 d6 4. 0-0 e5 5. d3 Ne7 6. c4 0-0 7. Nc3 Nbc6 8. Rb1 h6 9. b4 f5 10. Nd2 g5 11. b5 Nb8 12. e3 a6 13. a4 axb5 14. axb5 f4 15. Nd5 Nd7 16. Nxe7+ Qxe7 17. Ne4 Nf6 18. Nxf6+ Qxf6 19. exf4 exf4 20. Bb2 Qg6 21. Re1 Bxb2 22. Rxb2 Qf6 23. Bd5+ Kh8 24. Rbe2 fxg3 25. f3 Qd4+ 26. Kh1 g4 27. Qd2 Qf6 28. Re6 Bxe6 29. Rxe6 Ra1+ 30. Re1 gxf3 0-1